000 00233nam a22000857a 4500
008 161110b xxu||||| |||| 00| 0 eng d
100 _91113
_aBedi. R
245 _aElephant Lord of the Jungle
260 _aNew Delhi
_bNational Book Trust
_c2007
999 _c3774
_d3774